| Tag |
First Indicator |
Second Indicator |
Subfields |
| LEADER |
00000cam a22000008a 4500 |
| 001 |
in00000078326 |
| 005 |
20151008060727.0 |
| 008 |
811005s1982 mduac b 11000 eng |
| 010 |
|
|
|a 81017168
|
| 020 |
|
|
|a 0801827337
|
| 035 |
|
|
|a (OCoLC)07924362
|
| 035 |
|
|
|9 AAJ6436AM
|
| 039 |
0 |
|
|a 2
|b 3
|c 3
|d 3
|e 3
|
| 040 |
|
|
|a DLC
|c DLC
|d TXA
|d UtOrBLW
|
| 043 |
|
|
|a n-us-md
|
| 049 |
|
|
|a TXAM
|c [1673022]
|
| 050 |
0 |
0 |
|a R131.A2
|b C44
|
| 060 |
|
0 |
|a W1 HE896 no. 6
|a WZ 40 C392
|
| 082 |
0 |
|
|a 610/.9
|2 19
|
| 245 |
0 |
2 |
|a A Celebration of medical history :
|b the fiftieth anniversary of The Johns Hopkins Institute of the History of Medicine and The Welch Medical Library /
|c edited by Lloyd G. Stevenson.
|
| 263 |
|
|
|a 8110
|
| 264 |
|
1 |
|a Baltimore :
|b Johns Hopkins University Press,
|c [1982]
|
| 264 |
|
4 |
|c ©1982
|
| 300 |
|
|
|a 228 pages :
|b illustrations, portraits ;
|c 24 cm.
|
| 336 |
|
|
|a text
|b txt
|2 rdacontent
|
| 337 |
|
|
|a unmediated
|b n
|2 rdamedia
|
| 338 |
|
|
|a volume
|b nc
|2 rdacarrier
|
| 490 |
1 |
|
|a The Henry E. Sigerist supplements to the Bulletin of the history of medicine ;
|v new ser., no. 6
|
| 504 |
|
|
|a Includes bibliographical references.
|
| 610 |
2 |
0 |
|a Johns Hopkins University.
|b Institute of the History of Medicine
|x Congresses.
|
| 610 |
2 |
0 |
|a William H. Welch Medical Library
|x Congresses.
|
| 650 |
|
0 |
|a Medicine
|x History
|v Congresses.
|
| 650 |
|
2 |
|a History of Medicine.
|
| 700 |
1 |
|
|a Stevenson, Lloyd G.
|
| 710 |
2 |
|
|a Johns Hopkins University.
|b Institute of the History of Medicine.
|
| 710 |
2 |
|
|a William H. Welch Medical Library.
|
| 830 |
|
0 |
|a Henry E. Sigerist supplements to the Bulletin of the history of medicine ;
|v new ser., no. 6.
|
| 999 |
|
|
|a MARS
|
| 999 |
f |
f |
|s 52f9c544-052e-367c-9cd7-396035cd4243
|i 788e61e4-e0fb-3170-9d90-aefaf44baac9
|t 0
|
| 952 |
f |
f |
|p normal
|a Texas A&M University
|b College Station
|c Sterling C. Evans Library
|d Evans: Library Stacks
|t 0
|e R131.A2 C44
|h Library of Congress classification
|i unmediated -- volume
|m A14806226643
|
| 998 |
f |
f |
|a R131.A2 C44
|t 0
|l Evans: Library Stacks
|